[Event "MCRE_CF23"]
[Site "?"]
[Date "????.??.??"]
[Round "?"]
[White "Stika, Vaclav"]
[Black "Berko, Michal"]
[Result "1-0"]
[WhiteElo "2098"]
[BlackElo "2070"]
[PlyCount "43"]
[EventDate "2009.??.??"]
[EventType "corr"]
[EventRounds "2"]

1. d4 d5 2. Nf3 c6 3. c4 Nf6 4. e3 g6 5. Nc3 Bg7 6. Be2 O-O 7. O-O b6 8. b4
dxc4 9. Bxc4 Nd5 10. Qb3 Bb7 11. Bd2 Nxc3 12. Bxc3 Ba6 13. Rac1 Bxc4 14. Qxc4
Qd6 15. Rfd1 Nd7 16. b5 cxb5 17. Qxb5 Nf6 18. Bb4 Qd5 19. Qa6 Qe6 20. h3 Rfd8
21. Rc2 Nd5 22. Bd2 1-0

[Event "MCRE_CF23"]
[Site "?"]
[Date "????.??.??"]
[Round "?"]
[White "Berko, Michal"]
[Black "Stika, Vaclav"]
[Result "0-1"]
[WhiteElo "2070"]
[BlackElo "2098"]
[PlyCount "38"]
[EventDate "2009.??.??"]
[EventType "corr"]
[EventRounds "2"]

1. Nf3 c5 2. e4 d6 3. d4 cxd4 4. Nxd4 Nf6 5. Nc3 Nc6 6. Bc4 e6 7. O-O a6 8.
Nxc6 bxc6 9. Qf3 Be7 10. Qg3 O-O 11. Bh6 Nh5 12. Qg4 Qa5 13. Rad1 Rb8 14. Bb3
Rd8 15. Rfe1 g6 16. Bd2 Qc7 17. Qe2 Bf6 18. Qf3 Be5 19. h3 c5 0-1

[Event "MCRE_CF23"]
[Site "?"]
[Date "????.??.??"]
[Round "?"]
[White "Smerda, Roman"]
[Black "Struzka, Vlastimil"]
[Result "1/2-1/2"]
[WhiteElo "1600"]
[BlackElo "2096"]
[PlyCount "108"]
[EventDate "2009.??.??"]
[EventType "corr"]
[EventRounds "2"]

1. c4 e5 2. Nc3 Nf6 3. Nf3 Nc6 4. g3 Bb4 5. Bg2 O-O 6. O-O d6 7. d3 Bg4 8. Bg5
Bxc3 9. bxc3 h6 10. Bxf6 Qxf6 11. Nd2 Rab8 12. Rb1 a6 13. Re1 Bd7 14. Nf1 b5
15. Ne3 Ne7 16. Qb3 Rfd8 17. cxb5 axb5 18. a4 Be6 19. c4 b4 20. Nd5 Nxd5 21.
cxd5 Bd7 22. Qc4 Bxa4 23. Rxb4 Rxb4 24. Qxb4 Bd7 25. Qb7 Rc8 26. Rc1 Qg5 27.
Rc2 Qd8 28. h3 f5 29. Bf3 f4 30. Kh2 fxg3+ 31. fxg3 Bf5 32. Rc4 Qd7 33. Bg2 Qd8
34. Rc1 Kh8 35. Rc6 Kh7 36. Rc2 h5 37. Rc4 Qg5 38. Rxc7 Rxc7 39. Qxc7 h4 40. g4
Bg6 41. Qa7 e4 42. dxe4 Qf4+ 43. Kh1 Bxe4 44. Qg1 Bxg2+ 45. Qxg2 Kg6 46. Kg1
Kg5 47. Qf2 Qxf2+ 48. Kxf2 Kf4 49. e3+ Ke4 50. g5 Kxd5 51. Kf3 Ke5 52. e4 g6
53. Ke3 d5 54. exd5 Kd6 1/2-1/2

[Event "MCRE_CF23"]
[Site "?"]
[Date "????.??.??"]
[Round "?"]
[White "Smerda, Roman"]
[Black "Stika, Vaclav"]
[Result "1-0"]
[WhiteElo "1600"]
[BlackElo "2098"]
[PlyCount "91"]
[EventDate "2009.??.??"]
[EventType "corr"]
[EventRounds "2"]

1. c4 e5 2. Nc3 Nc6 3. g3 g6 4. Bg2 Bg7 5. e3 d6 6. Nge2 Nge7 7. O-O O-O 8. d3
Bg4 9. Qb3 a6 10. Qxb7 Rb8 11. Qxa6 Nb4 12. Qa4 Nxd3 13. Qc2 Bf5 14. Ne4 Nc5
15. b3 c6 16. Rd1 Qa5 17. Bb2 Nxe4 18. Bxe4 Bxe4 19. Qxe4 d5 20. Qc2 Rfd8 21.
a3 Qa6 22. Nc3 dxc4 23. Rxd8+ Rxd8 24. b4 Nd5 25. Rd1 Qa8 26. Ne4 Nb6 27. Rxd8+
Qxd8 28. a4 Qd3 29. Qxd3 cxd3 30. a5 Nd5 31. Kf1 Nxb4 32. Nc5 Bf8 33. Nd7 Na6
34. Nf6+ Kg7 35. Bxe5 Bb4 36. Ne8+ Kh6 37. f4 Kh5 38. Nf6+ Kh6 39. g4 Kg7 40.
Nd5+ Kg8 41. Nc7 Nxc7 42. Bxc7 f6 43. Bb6 Bxa5 44. Bxa5 Kf7 45. e4 f5 46. gxf5
1-0

[Event "MCRE_CF23"]
[Site "?"]
[Date "????.??.??"]
[Round "?"]
[White "Berko, Michal"]
[Black "Rychtecky, Pavel"]
[Result "0-1"]
[WhiteElo "2070"]
[BlackElo "2140"]
[PlyCount "58"]
[EventDate "2009.??.??"]
[EventType "corr"]
[EventRounds "2"]

1. Nf3 c5 2. e4 d6 3. d4 cxd4 4. Nxd4 Nf6 5. Nc3 a6 6. Be2 e5 7. Nb3 Be7 8. O-O
O-O 9. Kh1 b5 10. a4 b4 11. Nd5 Bb7 12. Nxf6+ Bxf6 13. Qd3 Be7 14. Be3 Nd7 15.
Rfd1 a5 16. f3 Nf6 17. c3 d5 18. exd5 Qxd5 19. c4 Qe6 20. Nc5 Bxc5 21. Bxc5 e4
22. Qe3 exf3 23. Bxf3 Bxf3 24. Qxf3 Rfe8 25. b3 Ne4 26. Bg1 Ra6 27. Rd4 Qe7 28.
Rad1 h6 29. Rd7 Qe6 0-1

[Event "MCRE_CF23"]
[Site "?"]
[Date "????.??.??"]
[Round "?"]
[White "Berko, Michal"]
[Black "Struzka, Vlastimil"]
[Result "0-1"]
[WhiteElo "2070"]
[BlackElo "2096"]
[PlyCount "46"]
[EventDate "2009.??.??"]
[EventType "corr"]
[EventRounds "2"]

1. Nf3 d5 2. d4 Nf6 3. c4 dxc4 4. Nc3 Bg4 5. Ne5 Be6 6. e4 c6 7. Bxc4 b5 8.
Bxe6 fxe6 9. O-O b4 10. Ne2 Qc8 11. Qb3 Nxe4 12. Re1 Nd7 13. Nf4 Nxe5 14. Rxe4
Ng4 15. Nxe6 Nf6 16. Re5 Qd7 17. Bf4 a5 18. Rae1 Qb7 19. Rc5 Nd5 20. Qf3 b3 21.
Be5 Rc8 22. axb3 a4 23. Qh5+ g6 0-1

[Event "MCRE_CF23"]
[Site "?"]
[Date "????.??.??"]
[Round "?"]
[White "Struzka, Vlastimil"]
[Black "Berko, Michal"]
[Result "1-0"]
[WhiteElo "2096"]
[BlackElo "2070"]
[PlyCount "55"]
[EventDate "2009.??.??"]
[EventType "corr"]
[EventRounds "2"]

1. d4 d5 2. c4 e6 3. Nc3 c6 4. e3 Nf6 5. Nf3 Nbd7 6. Bd3 Bd6 7. O-O dxc4 8.
Bxc4 O-O 9. Qc2 e5 10. b3 exd4 11. Nxd4 Ne5 12. Be2 Qe7 13. Rd1 Rd8 14. h3 a6
15. Bb2 Ng6 16. Nf3 b5 17. Bd3 Ne5 18. Nxe5 Bxe5 19. Ne4 Bxb2 20. Qxb2 Nxe4 21.
Bxe4 Bxh3 22. Bxc6 Rac8 23. Rxd8+ Qxd8 24. Bf3 Be6 25. Rd1 Qc7 26. g3 b4 27.
Qd4 a5 28. Kg2 1-0

[Event "MCRE_CF23"]
[Site "?"]
[Date "????.??.??"]
[Round "?"]
[White "Struzka, Vlastimil"]
[Black "Smerda, Roman"]
[Result "0-1"]
[WhiteElo "2096"]
[BlackElo "1600"]
[PlyCount "124"]
[EventDate "2009.??.??"]
[EventType "corr"]
[EventRounds "2"]

1. d4 Nf6 2. c4 e6 3. Nc3 Bb4 4. Nf3 b6 5. Qb3 c5 6. Bg5 Bb7 7. dxc5 Bxc5 8. e3
Nc6 9. Rd1 h6 10. Bh4 Be7 11. a3 Rc8 12. Nb5 O-O 13. Qa4 g5 14. Bg3 Ne4 15. Bd3
Nxg3 16. hxg3 g4 17. Nfd4 a6 18. Nc3 Nxd4 19. exd4 Bc6 20. Qc2 Bxg2 21. Rxh6 f5
22. Rh2 Bf3 23. Be2 Bxe2 24. Nxe2 Kg7 25. d5 Rh8 26. Rxh8 Qxh8 27. Nd4 Kf7 28.
Qd3 Bg5 29. Ke2 Rd8 30. b3 Kg6 31. Re1 Be7 32. b4 a5 33. bxa5 bxa5 34. Kf1 Bf6
35. Rd1 Qh5 36. Nc2 e5 37. Ke2 Rb8 38. c5 e4 39. Qc4 Qh2 40. Rf1 Qg2 41. Ne1
Rb2+ 42. Kd1 Qh3 43. d6 Kg7 44. c6 dxc6 45. d7 Rb1+ 46. Kd2 Qh6+ 47. Ke2 f4 48.
gxf4 Rb2+ 49. Nc2 Qxf4 50. Rg1 Qf3+ 51. Kf1 c5 52. Qe2 Qxe2+ 53. Kxe2 Rxc2+ 54.
Ke3 Kf7 55. Rxg4 Rc3+ 56. Ke2 Rc4 57. Rf4 Rd4 58. d8=Q Rxd8 59. Rxe4 Re8 60.
Rxe8 Kxe8 61. Kd3 Kd7 62. Kc4 Kd6 0-1

[Event "MCRE_CF23"]
[Site "?"]
[Date "????.??.??"]
[Round "?"]
[White "Struzka, Vlastimil"]
[Black "Stika, Vaclav"]
[Result "1-0"]
[WhiteElo "2096"]
[BlackElo "2098"]
[PlyCount "111"]
[EventDate "2009.??.??"]
[EventType "corr"]
[EventRounds "2"]

1. d4 Nf6 2. c4 e6 3. Nc3 Bb4 4. Nf3 d5 5. Bg5 Nbd7 6. Qb3 a5 7. e3 h6 8. Bh4
O-O 9. Qc2 b6 10. cxd5 exd5 11. Bb5 Ba6 12. Bxa6 Rxa6 13. O-O Bxc3 14. bxc3 Qe7
15. c4 Qe4 16. Rfc1 Qxc2 17. Rxc2 Re8 18. Rb1 g5 19. Bg3 c5 20. cxd5 Nxd5 21.
Rc4 N5f6 22. dxc5 Nxc5 23. Bc7 Ne6 24. Be5 Nd7 25. Ba1 Raa8 26. Rc6 Rec8 27.
Rd6 Ra7 28. g4 Rc2 29. Nd4 Rxa2 30. Nxe6 fxe6 31. Rxe6 Rc7 32. Rxh6 Rcc2 33.
Rd1 Nf8 34. Rf6 a4 35. Bd4 a3 36. Rb1 Nd7 37. Rf5 Rc4 38. Rd5 Rc7 39. Rxg5+ Kf8
40. Rb3 Ra7 41. Rg7 Rd2 42. Rxd7 Rxd7 43. Rxa3 Rc7 44. Bxb6 Rcc2 45. e4 Rc4 46.
Be3 Rb2 47. Kg2 Rxe4 48. Kg3 Rb5 49. h4 Kg7 50. f4 Re7 51. g5 Reb7 52. Kg4 Rb4
53. h5 Rd7 54. g6 Rb2 55. f5 Rg2+ 56. Kh3 1-0

[Event "MCRE_CF23"]
[Site "?"]
[Date "????.??.??"]
[Round "?"]
[White "Benes, Jiri"]
[Black "Struzka, Vlastimil"]
[Result "1-0"]
[WhiteElo "1982"]
[BlackElo "2096"]
[PlyCount "105"]
[EventDate "2009.??.??"]
[EventType "corr"]
[EventRounds "2"]

1. e4 e5 2. Nf3 Nc6 3. Bc4 Nf6 4. Ng5 d5 5. exd5 Na5 6. Bb5+ Bd7 7. Qe2 Bd6 8.
Nc3 c6 9. Nge4 Nxe4 10. Nxe4 Be7 11. d6 cxb5 12. dxe7 Qxe7 13. d3 O-O 14. O-O
Rac8 15. Re1 Nc6 16. c3 Nd4 17. cxd4 exd4 18. Bf4 Rc6 19. Qh5 Re6 20. Bd2 Re8
21. f4 g6 22. Qd5 Bc6 23. Qxd4 Rd8 24. Qe3 b4 25. Qc5 Qxc5+ 26. Nxc5 Rxe1+ 27.
Bxe1 a5 28. Nb3 b6 29. Rc1 Rd6 30. Bf2 Bd5 31. Rc8+ Kg7 32. Nc1 h5 33. Rb8 Rc6
34. Ne2 f6 35. Bxb6 Rc2 36. Kf2 Rxb2 37. Bxa5 Bxg2 38. Bxb4 Rxa2 39. Bc3 Kf7
40. Bb2 Bh3 41. Rb6 Be6 42. Rb7+ Ke8 43. Bxf6 Bg4 44. Bb2 Bc8 45. Rb8 Kd7 46.
Nc3 Ra7 47. Ne4 Rc7 48. Ke3 Rc2 49. Be5 Ke7 50. d4 h4 51. d5 Kd7 52. Rb6 Rxh2
53. Rf6 1-0

[Event "MCRE_CF23"]
[Site "?"]
[Date "????.??.??"]
[Round "?"]
[White "Trs, Jan"]
[Black "Benes, Jiri"]
[Result "1-0"]
[WhiteElo "2158"]
[BlackElo "1982"]
[PlyCount "60"]
[EventDate "2009.??.??"]
[EventType "corr"]
[EventRounds "2"]

1. d4 d5 2. c4 c6 3. Nf3 Nf6 4. Nc3 e6 5. e3 Nbd7 6. Qc2 Bd6 7. b3 O-O 8. Be2
e5 9. cxd5 Nxd5 10. Nxd5 cxd5 11. dxe5 Nxe5 12. Bb2 Qf6 13. O-O Bf5 14. Qd2 Be4
15. Nd4 Qh6 16. g3 Nc6 17. f3 Bg6 18. Nxc6 bxc6 19. Rac1 Rac8 20. Ba6 Rc7 21.
Rf2 Rd8 22. Bc3 Bc5 23. f4 Bb6 24. Be5 Re7 25. Rxc6 Rxe5 26. Rxb6 axb6 27. fxe5
Qg5 28. Qd4 Re8 29. Qxb6 h5 30. Qd4 h4 1-0

[Event "MCRE_CF23"]
[Site "?"]
[Date "????.??.??"]
[Round "?"]
[White "Trs, Jan"]
[Black "Struzka, Vlastimil"]
[Result "0-1"]
[WhiteElo "2158"]
[BlackElo "2096"]
[PlyCount "96"]
[EventDate "2009.??.??"]
[EventType "corr"]
[EventRounds "2"]

1. e4 e5 2. Nf3 Nc6 3. Bb5 a6 4. Ba4 Nf6 5. O-O b5 6. Bb3 Bb7 7. Re1 Bc5 8. c3
O-O 9. d4 Bb6 10. Be3 exd4 11. cxd4 Na5 12. Bg5 h6 13. Bh4 Re8 14. e5 Bxf3 15.
gxf3 g5 16. Bg3 Nxb3 17. axb3 Nh5 18. Nc3 d5 19. f4 Ng7 20. Ne2 Qd7 21. b4 Qf5
22. Qd2 Re6 23. Ra3 Rc6 24. Nc3 Rd8 25. fxg5 hxg5 26. Rxa6 Ne6 27. Re3 Rc4 28.
Nxb5 Bxd4 29. Re1 Qg4 30. Nxd4 Rxd4 31. Qc3 Rc4 32. Qd2 d4 33. b3 Rc3 34. Qd1
Qxd1 35. Rxd1 Rxb3 36. h4 Rxb4 37. hxg5 Kg7 38. Kg2 c5 39. f4 Kg6 40. Ra7 Rf8
41. Rh1 Kf5 42. Ra2 c4 43. Rh6 Rb3 44. Kf2 c3 45. Rh5 d3 46. Ra1 d2 47. g6+ Ke4
48. Rhh1 c2 0-1

[Event "MCRE_CF23"]
[Site "?"]
[Date "????.??.??"]
[Round "?"]
[White "Stika, Vaclav"]
[Black "Rychtecky, Pavel"]
[Result "1-0"]
[WhiteElo "2098"]
[BlackElo "2140"]
[PlyCount "89"]
[EventDate "2009.??.??"]
[EventType "corr"]
[EventRounds "2"]

1. e4 c5 2. Nf3 Nc6 3. d4 cxd4 4. Nxd4 Nf6 5. Nc3 e5 6. Ndb5 d6 7. Bg5 a6 8.
Na3 b5 9. Bxf6 gxf6 10. Nd5 f5 11. Bd3 Be6 12. O-O Bg7 13. Qh5 Rc8 14. Rad1 Ne7
15. Nxe7 Qxe7 16. exf5 Bxa2 17. b3 h6 18. Be4 Rc5 19. Rd2 O-O 20. Rfd1 Rd8 21.
Bd5 e4 22. Re2 Rf8 23. Rxe4 Qf6 24. h3 a5 25. Qg4 Kh8 26. Qf4 Rg8 27. g4 h5 28.
Qg3 Rb8 29. Qe3 Rg8 30. Re7 Bh6 31. Qe4 hxg4 32. Rxf7 gxh3+ 33. Kh1 Qg5 34.
Qd4+ Rg7 35. Rf8+ Kh7 36. Be4 d5 37. f6+ dxe4 38. Qxe4+ Qg6 39. Rh8+ Kxh8 40.
fxg7+ Qxg7 41. Rd8+ Qf8 42. Rxf8+ Bxf8 43. Qd4+ Kg8 44. Qb2 Rd5 45. Qxa2 1-0

[Event "MCRE_CF23"]
[Site "?"]
[Date "????.??.??"]
[Round "?"]
[White "Benes, Jiri"]
[Black "Smerda, Roman"]
[Result "0-1"]
[WhiteElo "1982"]
[BlackElo "1600"]
[PlyCount "88"]
[EventDate "2009.??.??"]
[EventType "corr"]
[EventRounds "2"]

1. e4 c5 2. Nf3 d6 3. Nc3 Nc6 4. d4 cxd4 5. Nxd4 Nf6 6. Be2 e5 7. Nb3 Be7 8.
O-O O-O 9. Bf3 a5 10. Be3 a4 11. Nc1 a3 12. Rb1 Be6 13. Nd5 axb2 14. Rxb2 Na5
15. Rb4 Bxd5 16. exd5 Qc7 17. Bb6 Qc3 18. Bxa5 Rfb8 19. Rxb7 Qxa5 20. Rxb8+
Rxb8 21. Qd3 Rb2 22. c4 Bd8 23. Be2 g6 24. Qf3 Kg7 25. g3 e4 26. Qf4 Qa3 27. g4
Rc2 28. Kg2 h6 29. h4 Nh7 30. Rh1 Bb6 31. g5 h5 32. Re1 e3 33. Nd3 Rxe2 34.
Rxe2 Qxd3 35. Qf3 Qxc4 36. Rb2 Qd4 37. Rb3 Qd2 38. Rxb6 e2 39. Rb1 e1=Q 40.
Rxe1 Qxe1 41. Qf4 Qd1 42. Qc4 Nf8 43. a3 Nd7 44. Qc6 Qg4+ 0-1

[Event "MCRE_CF23"]
[Site "?"]
[Date "????.??.??"]
[Round "?"]
[White "Smerda, Roman"]
[Black "Benes, Jiri"]
[Result "1-0"]
[WhiteElo "1600"]
[BlackElo "1982"]
[PlyCount "91"]
[EventDate "2009.??.??"]
[EventType "corr"]
[EventRounds "2"]

1. c4 g6 2. d4 Bg7 3. Nc3 c5 4. d5 Qa5 5. Bd2 Nf6 6. e4 O-O 7. Be2 Qb6 8. Nf3
d6 9. O-O Nbd7 10. h3 h6 11. Qc1 g5 12. Rb1 Kh8 13. Ne1 Ne5 14. f4 gxf4 15.
Bxf4 Ng8 16. Be3 Qd8 17. Nf3 Ng6 18. b4 cxb4 19. Rxb4 b6 20. Qd2 Bd7 21. Nb5
Qb8 22. Bd3 Kh7 23. Nbd4 Nf6 24. a4 Qc7 25. Nb5 Qb8 26. a5 bxa5 27. Rbb1 Kh8
28. Bxh6 a6 29. Nbd4 Qa7 30. Bxg7+ Kxg7 31. Qe3 Rh8 32. e5 dxe5 33. Nxe5 Nxe5
34. Qxe5 Qc5 35. Rb7 Rad8 36. Qg3+ Kf8 37. Qf4 Be8 38. Qe3 Rc8 39. Rxf6 exf6
40. Qf4 Bc6 41. dxc6 Rd8 42. Qxf6 Qxd4+ 43. Qxd4 Rxd4 44. Rb8+ Kg7 45. Rxh8
Kxh8 46. c7 1-0

[Event "MCRE_CF23"]
[Site "?"]
[Date "????.??.??"]
[Round "?"]
[White "Struzka, Vlastimil"]
[Black "Benes, Jiri"]
[Result "0-1"]
[WhiteElo "2096"]
[BlackElo "1982"]
[PlyCount "134"]
[EventDate "2009.??.??"]
[EventType "corr"]
[EventRounds "2"]

1. d4 d5 2. c4 e6 3. Nc3 Nf6 4. Bg5 c6 5. e3 Qa5 6. Bxf6 gxf6 7. a3 dxc4 8.
Bxc4 Nd7 9. Nge2 Rg8 10. Nf4 Qg5 11. Qf3 Nb6 12. Be2 f5 13. a4 Bd6 14. O-O a5
15. Rac1 Kf8 16. g3 Bd7 17. Nd3 Rd8 18. Nc5 Bc8 19. Nb3 e5 20. Nxa5 exd4 21.
exd4 f4 22. Nb3 Qh4 23. Kh1 Qh6 24. a5 Bg4 25. Qg2 Bh3 26. Qf3 Bxf1 27. Rxf1
Nd7 28. Kg2 Nf6 29. Rh1 Rg6 30. a6 bxa6 31. Na5 Re8 32. Bd3 Rg4 33. Qxc6 Bb8
34. Nb3 Qg5 35. Ne2 Nd5 36. Bc4 f3+ 37. Kxf3 Qf5+ 38. Kg2 Qe4+ 39. Kg1 Rg6 40.
Qc5+ Bd6 41. Qxd5 Qxd5 42. Bxd5 Rxe2 43. Kg2 Rxb2 44. Nc1 Rg4 45. Ne2 Rxe2 46.
Bf3 Rge4 47. Bxe2 Rxe2 48. Ra1 Rd2 49. Rxa6 Rxd4 50. Kf3 Rd2 51. Ke3 Bb4 52.
Ra8+ Kg7 53. Rb8 Rb2 54. Ke4 Bc3 55. Rxb2 Bxb2 56. Kf5 Bf6 57. f3 h6 58. g4 Be7
59. f4 Ba3 60. Ke5 Bc1 61. Kf5 Bb2 62. h3 Kh7 63. Ke4 Kg6 64. Kd5 h5 65. gxh5+
Kf5 66. Kd6 Kxf4 67. h6 Ke3 0-1

[Event "MCRE_CF23"]
[Site "?"]
[Date "????.??.??"]
[Round "?"]
[White "Stika, Vaclav"]
[Black "Benes, Jiri"]
[Result "1-0"]
[WhiteElo "2098"]
[BlackElo "1982"]
[PlyCount "46"]
[EventDate "2009.??.??"]
[EventType "corr"]
[EventRounds "2"]

1. e4 g6 2. d4 Bg7 3. Bc4 c5 4. Nf3 cxd4 5. Nxd4 Nc6 6. Be3 Nh6 7. Be2 d6 8.
Nc3 O-O 9. O-O f5 10. Qd2 Ng4 11. Bxg4 fxg4 12. Nd5 Bd7 13. Rad1 Ne5 14. Bg5
Re8 15. b3 Nf7 16. Bh4 h6 17. f4 gxf3 18. Nxf3 g5 19. Bxg5 hxg5 20. Nxg5 Bh6
21. e5 Bf5 22. Rxf5 Bxg5 23. g4 e6 1-0

[Event "MCRE_CF23"]
[Site "?"]
[Date "????.??.??"]
[Round "?"]
[White "Stika, Vaclav"]
[Black "Struzka, Vlastimil"]
[Result "1/2-1/2"]
[WhiteElo "2098"]
[BlackElo "2096"]
[PlyCount "146"]
[EventDate "2009.??.??"]
[EventType "corr"]
[EventRounds "2"]

1. d4 d5 2. Nf3 Nf6 3. c4 c6 4. cxd5 cxd5 5. Nc3 Nc6 6. Bf4 Qb6 7. a3 Bf5 8.
Na4 Qd8 9. e3 Nh5 10. Be5 e6 11. Qb3 Qd7 12. Nc5 Bxc5 13. dxc5 O-O 14. Bd6 Rfc8
15. Bb5 b6 16. Ne5 Na5 17. Qa4 Qd8 18. b4 bxc5 19. bxc5 Nf6 20. Ba6 Ne4 21.
Bxc8 Rxc8 22. O-O f6 23. Nf3 e5 24. Rfc1 Bd7 25. Qd1 Bc6 26. Nh4 g6 27. Qd3 Qd7
28. f3 Nxd6 29. cxd6 Kg7 30. e4 dxe4 31. fxe4 Nb7 32. Rc2 a5 33. Qh3 Qxd6 34.
Qe3 Nd8 35. Nf3 Ra8 36. Rb1 Ra6 37. Kh1 Qe7 38. Rc4 Qd7 39. Qd2 Qxd2 40. Nxd2
Ne6 41. Nf3 Be8 42. h3 Bf7 43. Rb7 g5 44. Rc2 h5 45. Kh2 Kg6 46. Kg1 Rd6 47.
Ra7 Rd3 48. Rf2 Bg8 49. Rxa5 Re3 50. Nd2 Nf4 51. a4 g4 52. hxg4 hxg4 53. Ra6 g3
54. Rf3 Re1+ 55. Nf1 Bc4 56. Rxg3+ Kh7 57. Ra7+ Kh6 58. Rf3 Ra1 59. Rd7 Bxf1
60. Rxf1 Rxa4 61. Rd6 Kg5 62. g3 Nh5 63. Rd8 Rxe4 64. Rg8+ Kh6 65. Ra1 Kh7 66.
Raa8 Rc4 67. Kg2 Rc3 68. Rg4 Rc7 69. Ra6 Rb7 70. Kh3 Rb1 71. Ra7+ Kh6 72. Ra8
Kh7 73. Ra6 Rd1 1/2-1/2

[Event "MCRE_CF23"]
[Site "?"]
[Date "????.??.??"]
[Round "?"]
[White "Stika, Vaclav"]
[Black "Smerda, Roman"]
[Result "1/2-1/2"]
[WhiteElo "2098"]
[BlackElo "1600"]
[PlyCount "113"]
[EventDate "2009.??.??"]
[EventType "corr"]
[EventRounds "2"]

1. e4 c5 2. Nf3 d6 3. d4 cxd4 4. Nxd4 Nf6 5. Nc3 Nc6 6. Bg5 Bd7 7. Qd2 Rc8 8.
O-O-O Nxd4 9. Qxd4 Qa5 10. f4 Rxc3 11. bxc3 e5 12. Qb4 Qxb4 13. cxb4 Nxe4 14.
Bh4 Nc3 15. Re1 Nxa2+ 16. Kb2 Nxb4 17. fxe5 d5 18. Rd1 Nc6 19. Rxd5 Be6 20. Rd1
Be7 21. Bxe7 Kxe7 22. Re1 a6 23. Bd3 Rc8 24. Re3 Nb4 25. Be4 Rc5 26. Rhe1 a5
27. R1e2 b5 28. Bf3 Nd5 29. Bxd5 Bxd5 30. Rf2 h5 31. Rg3 g6 32. Re3 Rc4 33. g3
Rb4+ 34. Kc1 Rc4 35. Rf4 Rxf4 36. gxf4 Bc4 37. Re4 Ke6 38. Rd4 Kf5 39. Kb2 Kg4
40. Ka3 Kh3 41. Rd2 h4 42. Kb2 Kg4 43. Rd4 Be6 44. Kc3 Kf3 45. Kb2 h3 46. c3
Ke3 47. Kc1 Kf2 48. Rd1 Bb3 49. Rd3 Kg2 50. Rd2+ Kf3 51. Rd4 Bc4 52. Kb2 Be6
53. Kb1 Bf5+ 54. Kb2 Ke3 55. Rd6 Kxf4 56. Rb6 Kf3 57. Rf6 1/2-1/2

[Event "MCRE_CF23"]
[Site "?"]
[Date "????.??.??"]
[Round "?"]
[White "Trs, Jan"]
[Black "Stika, Vaclav"]
[Result "1/2-1/2"]
[WhiteElo "2158"]
[BlackElo "2098"]
[PlyCount "108"]
[EventDate "2009.??.??"]
[EventType "corr"]
[EventRounds "2"]

1. e4 e5 2. Nf3 Nc6 3. Bb5 a6 4. Ba4 Nf6 5. O-O Be7 6. Re1 b5 7. Bb3 O-O 8. c3
d6 9. h3 Bb7 10. d4 Re8 11. Nbd2 Bf8 12. a4 h6 13. Bc2 exd4 14. cxd4 Nb4 15.
Bb1 c5 16. d5 Nd7 17. Ra3 c4 18. Nd4 Qf6 19. N2f3 Nc5 20. axb5 axb5 21. Nxb5
Rxa3 22. Nxa3 Ba6 23. Re3 Rb8 24. Ne1 Nb3 25. Nxc4 Bxc4 26. Rxb3 Bxb3 27. Qxb3
Nc6 28. Qd1 Qd4 29. Qd3 Qxd3 30. Bxd3 Na5 31. Bd2 Nb3 32. Bc3 g5 33. Nf3 Nc5
34. Bc2 Bg7 35. e5 dxe5 36. Nxe5 Bxe5 37. Bxe5 Rd8 38. d6 Nb7 39. f4 Nxd6 40.
fxg5 hxg5 41. Bf6 Rb8 42. Kf1 Rb6 43. Bxg5 Rxb2 44. Bd3 Kg7 45. Bf4 f6 46. h4
Nf7 47. h5 Ra2 48. g3 Ra5 49. Be2 Ra3 50. Kf2 Ng5 51. Bg4 Kf7 52. Bf5 Ra5 53.
Bg6+ Kg7 54. Bc7 Rc5 1/2-1/2

[Event "MCRE_CF23"]
[Site "?"]
[Date "????.??.??"]
[Round "?"]
[White "Stika, Vaclav"]
[Black "Trs, Jan"]
[Result "1/2-1/2"]
[WhiteElo "2098"]
[BlackElo "2158"]
[PlyCount "101"]
[EventDate "2009.??.??"]
[EventType "corr"]
[EventRounds "2"]

1. d4 Nf6 2. c4 e6 3. Nc3 Bb4 4. e3 O-O 5. Bd3 d5 6. Nf3 c5 7. O-O dxc4 8. Bxc4
Nbd7 9. Qe2 b6 10. Rd1 cxd4 11. exd4 Bb7 12. Bd2 Rc8 13. Bd3 Nd5 14. Nxd5 Bxd2
15. Nxb6 Bxf3 16. Qxf3 Qxb6 17. Rxd2 Nf6 18. Rad1 Rfd8 19. b3 Rd5 20. Bc4 Rf5
21. Qd3 g6 22. g3 Kg7 23. Rc2 Rd8 24. f4 h5 25. Qe3 Ng4 26. Qc3 Nf6 27. h4 Rc5
28. a4 a5 29. Re2 Rf5 30. Kg2 Qb7+ 31. Qf3 Qb6 32. Red2 Ng4 33. Qc3 Qb7+ 34.
Kg1 Qb6 35. Re1 Kh7 36. Ree2 Qc7 37. Qb2 Qb6 38. Re4 Qb7 39. Qc2 Qb6 40. Qc3
Qb7 41. Qf3 Kg7 42. Kg2 Qa7 43. Qd3 Qb7 44. Kg1 Qb6 45. Qc3 Kg8 46. Kg2 Qb7 47.
Qf3 Qb6 48. Qd3 Qb7 49. Kg1 Kg7 50. Rd1 Kh7 51. Qe2 1/2-1/2

[Event "MCRE_CF23"]
[Site "?"]
[Date "????.??.??"]
[Round "?"]
[White "Benes, Jiri"]
[Black "Berko, Michal"]
[Result "1/2-1/2"]
[WhiteElo "1982"]
[BlackElo "2070"]
[PlyCount "99"]
[EventDate "2009.??.??"]
[EventType "corr"]
[EventRounds "2"]

1. d4 d5 2. Nf3 Nf6 3. e3 e6 4. Bd3 c5 5. O-O Nbd7 6. b3 Bd6 7. Bb2 O-O 8. c4
dxc4 9. bxc4 cxd4 10. exd4 b6 11. Ne5 Bb7 12. f4 Ne4 13. Qc2 f5 14. Nd2 Nxd2
15. Qxd2 Rf6 16. Rad1 Rh6 17. h3 Qe8 18. Bc1 Rc8 19. Qb2 Be7 20. Kh2 Rd8 21.
Be2 Nxe5 22. fxe5 Rg6 23. Rg1 Rc8 24. Qc3 Bc6 25. Rdf1 Rc7 26. Bh5 Qd8 27. Bxg6
hxg6 28. Be3 g5 29. Rc1 f4 30. Bf2 Be4 31. Rge1 Bb7 32. g3 Qc8 33. gxf4 Qf8 34.
Be3 gxf4 35. Rf1 Bg5 36. Qd3 Rf7 37. Bd2 Rf5 38. Rcd1 Qf7 39. a4 f3 40. d5 Qc7
41. Bc3 Bf6 42. Kh1 Bxe5 43. Bxe5 Rxe5 44. Qxf3 Qxc4 45. Qf7+ Kh7 46. Kh2 Bxd5
47. Rd2 Qh4 48. Rg1 Qh6 49. Rf2 Re3 50. Rg3 1/2-1/2

[Event "MCRE_CF23"]
[Site "?"]
[Date "????.??.??"]
[Round "?"]
[White "Berko, Michal"]
[Black "Benes, Jiri"]
[Result "1/2-1/2"]
[WhiteElo "2079"]
[BlackElo "1982"]
[PlyCount "104"]
[EventDate "2009.??.??"]
[EventType "corr"]
[EventRounds "2"]

1. Nf3 Nf6 2. d4 d5 3. c4 c6 4. Nc3 e6 5. e3 Nbd7 6. Qc2 Bd6 7. cxd5 exd5 8.
Bd3 O-O 9. O-O Re8 10. Re1 h6 11. Bd2 Nb6 12. e4 dxe4 13. Nxe4 Nxe4 14. Bxe4
Bg4 15. Ne5 Be6 16. Re2 Nd5 17. Rae1 Qf6 18. g3 a6 19. a3 Rad8 20. Ba5 Rb8 21.
Qd3 Re7 22. Nc4 Bc7 23. Bxc7 Nxc7 24. Ne5 Rbe8 25. b4 Nb5 26. Re3 h5 27. a4 Nd6
28. Bg2 h4 29. g4 Qf4 30. h3 Bd5 31. Qc3 Re6 32. Qc5 Bxg2 33. Kxg2 Qh6 34. a5
R8e7 35. d5 cxd5 36. Qxd5 Qg5 37. Qc5 Re8 38. Nd3 Qxc5 39. Nxc5 Rxe3 40. Rxe3
Rxe3 41. fxe3 Kf8 42. Kf3 Ke7 43. Kf4 Kd8 44. e4 Kc7 45. e5 Nc8 46. Kg5 Ne7 47.
e6 f6+ 48. Kxh4 b6 49. axb6+ Kxb6 50. Kh5 Kb5 51. Nd3 Kc4 52. Nf4 Kxb4 1/2-1/2

[Event "MCRE_CF23"]
[Site "?"]
[Date "????.??.??"]
[Round "?"]
[White "Benes, Jiri"]
[Black "Stika, Vaclav"]
[Result "1-0"]
[WhiteElo "1982"]
[BlackElo "2098"]
[PlyCount "125"]
[EventDate "2009.??.??"]
[EventType "corr"]
[EventRounds "2"]

1. c4 e5 2. Nc3 Nf6 3. Nf3 Nc6 4. e3 Bb4 5. Qc2 O-O 6. Bd3 h6 7. a3 Bxc3 8.
dxc3 d6 9. e4 Nh5 10. g3 Bh3 11. Rg1 Qd7 12. Be2 Bg4 13. h3 Bxf3 14. Bxf3 Nf6
15. g4 Qe6 16. g5 hxg5 17. Bxg5 Na5 18. Be2 Kh8 19. b4 Nc6 20. h4 a5 21. b5 Nb8
22. h5 Nbd7 23. O-O-O Nc5 24. f3 Ng8 25. Rg3 Nh6 26. Rdg1 Rg8 27. Kb1 Rae8 28.
Bf1 c6 29. Qg2 cxb5 30. Be3 Qf6 31. cxb5 Ne6 32. Qd2 Nf4 33. Bc4 Re7 34. Bd5
Kh7 35. c4 a4 36. Qb4 Rd7 37. b6 Kh8 38. Qxa4 Qd8 39. Qc2 Nxh5 40. Rg5 Nf4 41.
Qh2 Kh7 42. Ka2 g6 43. R5g3 Kg7 44. Bxf4 exf4 45. Rh3 Rh8 46. Qxf4 Qf6 47. Qd2
Ng8 48. Rxh8 Kxh8 49. Rh1+ Kg7 50. Qe3 Ne7 51. Qh6+ Kg8 52. Qh3 Rd8 53. Bxb7
Rb8 54. Qh7+ Kf8 55. Qh8+ Qxh8 56. Rxh8+ Ng8 57. Bd5 Rxb6 58. Rh7 Ra6 59. Rxf7+
Ke8 60. f4 Rb6 61. a4 Rb4 62. Ra7 Ne7 63. Be6 1-0